000
00286nam a22001217a 4500
041
_a
ENG
100
_a
Mishra .A.S
245
_a
Participatory Integrated Watershed Managent
260
_a
Dehradun
_b
Central Soil
_c
2004
300
_a
434
650
_a
SWCE ( 06 )
856
_u
SWCE ( 06 )
999
_c
2944
_d
2944